KOHA-Header-6

Practice & Law Of Banking In Pakistan (Record no. 412)

000 -LEADER
fixed length control field 00319nam a2200121Ia 4500
008 - FIXED-LENGTH DATA ELEMENTS--GENERAL INFORMATION
fixed length control field 190722s9999 xx 000 0 und d
020 ## - INTERNATIONAL STANDARD BOOK NUMBER
International Standard Book Number 978-969-407-425-2
100 ## - MAIN ENTRY--PERSONAL NAME
Personal name Dr. Asrar H. Siddiqi
245 #0 - TITLE STATEMENT
Title Practice & Law Of Banking In Pakistan
260 ## - PUBLICATION, DISTRIBUTION, ETC. (IMPRINT)
Place of publication, distribution, etc Karachi
Name of publisher, distributor, etc Royal Book Company
Date of publication, distribution, etc 2015
300 ## - PHYSICAL DESCRIPTION
Extent 570
942 ## - ADDED ENTRY ELEMENTS (KOHA)
Koha item type Books
Holdings
Withdrawn status Lost status Source of classification or shelving scheme Damaged status Not for loan Collection code Permanent Location Current Location Shelving location Date acquired Full call number Barcode Date last seen Price effective from Koha item type
        Not For Loan Law MAJU MAJU Shelf No.A39 REF 2019-07-22 346.549 7038 2019-07-22 2019-07-22 Law

Powered by Koha